[Event "Dubai Police op-A"]
[Site "Dubai"]
[Date "2024.05.12"]
[Round "9"]
[White "Nazari, Arad"]
[Black "Zajic, Milan"]
[Result "1/2-1/2"]
[WhiteElo "2370"]
[BlackElo "2436"]
[PlyCount "43"]
[EventDate "2024.05.04"]
[EventType "swiss"]
[EventRounds "9"]
[EventCountry "UAE"]
[SourceTitle "CB20_2024"]
[SourceDate "2024.05.16"]
[SourceVersion "1"]
[SourceVersionDate "2024.05.16"]
[SourceQuality "1"]

1. e4 e5 2. f4 d5 3. exd5 exf4 4. Nf3 Nf6 5. Bb5+ c6 6. dxc6 Nxc6 7. Nc3 Be6 8. Qe2 Bb4 9. a3 Ba5 10. b4 Bc7 11. Ng5 0-0 12. Nxe6 fxe6 13. Bxc6 bxc6 14. Bb2 e5 15. 0-0-0 Kh8 16. Qc4 a5 17. b5 cxb5 18. Nxb5 Rc8 19. Na7 Ra8 20. Nb5 Rc8 21. Na7 Ra8 22. Nb5 1/2-1/2

[Event "Dubai Police op-A"]
[Site "Dubai"]
[Date "2024.05.08"]
[Round "5"]
[White "Nazari, Arad"]
[Black "Madaminov, Mukhiddin"]
[Result "1-0"]
[WhiteElo "2370"]
[BlackElo "2506"]
[PlyCount "107"]
[EventDate "2024.05.04"]
[EventType "swiss"]
[EventRounds "9"]
[EventCountry "UAE"]
[SourceTitle "CB20_2024"]
[SourceDate "2024.05.16"]
[SourceVersion "1"]
[SourceVersionDate "2024.05.16"]
[SourceQuality "1"]

1. e4 e6 2. d4 d5 3. e5 c5 4. c3 Nc6 5. Nf3 Qb6 6. a3 c4 7. Nbd2 Na5 8. Rb1 Bd7 9. h4 h6 10. Be2 Ne7 11. b4 cxb3 12. Nxb3 Nxb3 13. Rxb3 Qc7 14. Nd2 Nc6 15. Rh3 Rc8 16. Rb1 Na5 17. h5 Qc6 18. Bb5 Qc7 19. Bf1 Qc6 20. Bb5 Qxb5 21. Rxb5 Bxb5 22. Qg4 Rc7 23. Rf3 Ba4 24. Rg3 a6 25. Qf3 b5 26. Qd3 Nc6 27. f4 Ne7 28. Nf1 Rg8 29. Ne3 g6 30. Ng4 Bg7 31. Rh3 Nf5 32. Nh2 Bf8 33. g4 Ne7 34. Kf2 Kd7 35. Kf3 Kc8 36. Nf1 Kb7 37. Ne3 Nc6 38. f5 gxf5 39. gxf5 Rg1 40. Bb2 Na5 41. Kf2 Rg5 42. Rf3 Be7 43. f6 Bf8 44. Rg3 Rxh5 45. Rg8 Rh2+ 46. Rg2 Rh4 47. Qh7 Rf4+ 48. Kg1 Rf3 49. Re2 h5 50. Qh8 Rxe3 51. Rxe3 Nc4 52. Rg3 Rc8 53. Rg8 Nxb2 54. Rxf8 1-0

[Event "Dubai Police op-A"]
[Site "Dubai"]
[Date "2024.05.06"]
[Round "3"]
[White "Nazari, Arad"]
[Black "Ju, Wenjun"]
[Result "1/2-1/2"]
[WhiteElo "2370"]
[BlackElo "2560"]
[PlyCount "77"]
[EventDate "2024.05.04"]
[EventType "swiss"]
[EventRounds "9"]
[EventCountry "UAE"]
[SourceTitle "CB20_2024"]
[SourceDate "2024.05.16"]
[SourceVersion "1"]
[SourceVersionDate "2024.05.16"]
[SourceQuality "1"]

1. e4 e5 2. Nf3 Nc6 3. Nc3 Nf6 4. Bb5 Nd4 5. Nxd4 exd4 6. e5 dxc3 7. exf6 Qxf6 8. dxc3 Qe5+ 9. Qe2 Qxe2+ 10. Kxe2 c6 11. Bd3 d5 12. Be3 Be6 13. f4 f6 14. Rhe1 Bd6 15. Kf3 Kd7 16. Rad1 b6 17. a4 Bf7 18. b3 Kc7 19. Re2 Bg6 20. Rde1 Bxd3 21. cxd3 Kd7 22. f5 Rhe8 23. g4 Re7 24. Bf4 Rae8 25. Rxe7+ Rxe7 26. Rxe7+ Kxe7 27. d4 Bxf4 28. Kxf4 Kf7 29. Kg3 Ke7 30. b4 a6 31. Kh4 b5 32. a5 Kf7 33. Kh5 Kf8 34. h4 Kg8 35. g5 Kf8 36. Kg4 Kf7 37. Kh5 Kf8 38. Kg4 Kf7 39. Kh5 1/2-1/2

[Event "Dubai Police op-A"]
[Site "Dubai"]
[Date "2024.05.04"]
[Round "1"]
[White "Nazari, Arad"]
[Black "Pranav, Anand"]
[Result "1/2-1/2"]
[WhiteElo "2370"]
[BlackElo "2532"]
[PlyCount "162"]
[EventDate "2024.05.04"]
[EventType "swiss"]
[EventRounds "9"]
[EventCountry "UAE"]
[SourceTitle "CB20_2024"]
[SourceDate "2024.05.16"]
[SourceVersion "1"]
[SourceVersionDate "2024.05.16"]
[SourceQuality "1"]

1. e4 c5 2. Nf3 d6 3. d4 cxd4 4. Nxd4 Nf6 5. Nc3 a6 6. Bg5 Nbd7 7. f4 Qc7 8. Qe2 e6 9. 0-0-0 b5 10. f5 e5 11. Nd5 Nxd5 12. exd5 Nb6 13. g4 Bb7 14. Bg2 Qc4 15. Qxc4 Nxc4 16. b3 h6 17. bxc4 hxg5 18. Nf3 Be7 19. c5 dxc5 20. Nxe5 Bd6 21. Rhe1 0-0 22. Nc6 Rae8 23. c4 Bc8 24. h3 Bd7 25. Kd2 Bg3 26. Ne7+ Kh8 27. Re4 b4 28. Kd3 a5 29. Rd2 a4 30. Bf3 Ra8 31. Bd1 Rfe8 32. Rde2 Reb8 33. Kc2 b3+ 34. Kb1 Bd6 35. Nc6 bxa2+ 36. Kxa2 Rc8 37. Ne5 Be8 38. Ka3 Kg8 39. Nc6 Kf8 40. Rb2 Ra6 41. Rb7 Rca8 42. Ne5 Rd8 43. Bc2 Rda8 44. Bd1 Kg8 45. Bc2 Bf8 46. Nd7 Rh6 47. Re3 Bxd7 48. Rxd7 Rb6 49. Re4 Bd6 50. Re1 Bf4 51. Rde7 Kf8 52. R7e4 Bd2 53. Rd1 Bb4+ 54. Ka2 Bc3 55. Ka3 Bb2+ 56. Ka2 a3 57. Re3 Rb4 58. Bb3 Bd4 59. Re2 Rab8 60. Rd3 R4b6 61. Rf3 Ra8 62. Rd3 Rab8 63. Rf3 Rd6 64. Rd3 Ra6 65. Rf3 Ra7 66. Rd3 Bb2 67. Rde3 Rd8 68. Bd1 f6 69. Rb3 Rda8 70. Rb5 Bd4 71. Re6 Rd8 72. Reb6 Be5 73. Rb7 Rxb7 74. Rxb7 Ra8 75. Bc2 Bd6 76. Rb3 Ke7 77. Rxa3 Rxa3+ 78. Kxa3 Kd8 79. Ka4 Kc7 80. Ka5 Be7 81. Ka6 Bd6 1/2-1/2

[Event "Titled Tuesday intern op 23rd Apr Late"]
[Site "Chess.com INT"]
[Date "2024.04.23"]
[Round "3"]
[White "Hakobyan, Aram"]
[Black "Nazari, Arad"]
[Result "1-0"]
[WhiteElo "2619"]
[BlackElo "2370"]
[PlyCount "57"]
[EventDate "2024.04.23"]
[EventType "swiss (blitz)"]
[EventRounds "11"]
[EventCountry "USA"]
[SourceTitle "CB18_2024"]
[SourceDate "2024.05.01"]
[SourceVersion "1"]
[SourceVersionDate "2024.05.01"]
[SourceQuality "2"]

1. Nf3 c5 2. b3 Nc6 3. Bb2 d6 4. c4 e5 5. Nc3 g6 6. g3 Bg7 7. Bg2 Nge7 8. 0-0 0-0 9. d3 Rb8 10. Nd2 a6 11. e3 b5 12. Nd5 Be6 13. Nxe7+ Nxe7 14. Qc2 h5 15. Ne4 Qd7 16. Rae1 Rbd8 17. f4 bxc4 18. dxc4 exf4 19. Bxg7 Kxg7 20. Nf6 Kxf6 21. Qb2+ Kg5 22. Qg7 fxg3 23. h4+ Kxh4 24. Qf6+ g5 25. Rf4+ Bg4 26. Be4 Kh3 27. Qxg5 g2 28. Bxg2+ Kg3 29. Rf3# 1-0

[Event "Titled Tuesday intern op 23rd Apr Late"]
[Site "Chess.com INT"]
[Date "2024.04.23"]
[Round "7"]
[White "Nazari, Arad"]
[Black "Contreras Huaman, Fiorella Daiana"]
[Result "1-0"]
[WhiteElo "2370"]
[BlackElo "2012"]
[PlyCount "63"]
[EventDate "2024.04.23"]
[EventType "swiss (blitz)"]
[EventRounds "11"]
[EventCountry "USA"]
[SourceTitle "CB18_2024"]
[SourceDate "2024.05.01"]
[SourceVersion "1"]
[SourceVersionDate "2024.05.01"]
[SourceQuality "2"]

1. e4 c6 2. Nf3 d5 3. Nc3 Bg4 4. h3 Bxf3 5. Qxf3 e6 6. Be2 Bc5 7. Qg3 Bd4 8. exd5 exd5 9. Qg4 Qf6 10. 0-0 Nd7 11. d3 h5 12. Qg3 h4 13. Qh2 Ne7 14. Qc7 Nf5 15. Qxb7 Rb8 16. Qc7 Bb6 17. Qf4 Ne5 18. Re1 0-0 19. Bg4 Nxg4 20. hxg4 Rbe8 21. Bd2 Nd4 22. Qxf6 gxf6 23. Rac1 Kg7 24. Kf1 f5 25. gxf5 Nxf5 26. Na4 Bc7 27. c4 Kg6 28. cxd5 Rxe1+ 29. Bxe1 Bf4 30. Rxc6+ Kg5 31. Nc3 Re8 32. Ne4+ 1-0

[Event "Titled Tuesday intern op 23rd Apr Late"]
[Site "Chess.com INT"]
[Date "2024.04.23"]
[Round "8"]
[White "Nita, Lucian"]
[Black "Nazari, Arad"]
[Result "0-1"]
[WhiteElo "2134"]
[BlackElo "2370"]
[PlyCount "70"]
[EventDate "2024.04.23"]
[EventType "swiss (blitz)"]
[EventRounds "11"]
[EventCountry "USA"]
[SourceTitle "CB18_2024"]
[SourceDate "2024.05.01"]
[SourceVersion "1"]
[SourceVersionDate "2024.05.01"]
[SourceQuality "2"]

1. e4 c5 2. d3 Nc6 3. Nd2 g6 4. Ngf3 Bg7 5. Be2 e5 6. 0-0 Nge7 7. b3 0-0 8. Bb2 d6 9. c3 Rb8 10. Qc2 b5 11. Rad1 a6 12. Rfe1 h6 13. Nf1 Be6 14. d4 cxd4 15. cxd4 Rc8 16. Qb1 exd4 17. Nxd4 Nxd4 18. Bxd4 Bxd4 19. Rxd4 Nc6 20. Rd2 Qe7 21. Red1 Rfd8 22. Ne3 Ne5 23. f4 Qa7 24. Kf2 Rc3 25. fxe5 Qxe3+ 26. Kf1 Qf4+ 27. Bf3 Qxe5 28. b4 Qxh2 29. Kf2 h5 30. Rd3 Rdc8 31. Rxc3 Rxc3 32. Qb2 Rxf3+ 33. Kxf3 Bg4+ 34. Ke3 Bxd1 35. Qf6 Qe5 0-1

[Event "Titled Tuesday intern op 16th Apr Early"]
[Site "Chess.com INT"]
[Date "2024.04.16"]
[Round "10"]
[White "Faizrakhmanov, Ramil"]
[Black "Nazari, Arad"]
[Result "1-0"]
[WhiteElo "2462"]
[BlackElo "2370"]
[PlyCount "95"]
[EventDate "2024.04.16"]
[EventType "swiss (blitz)"]
[EventRounds "11"]
[EventCountry "USA"]
[SourceTitle "CB17_2024"]
[SourceDate "2024.04.24"]
[SourceVersion "1"]
[SourceVersionDate "2024.04.24"]
[SourceQuality "1"]

1. d4 Nf6 2. c4 g6 3. Nc3 d5 4. cxd5 Nxd5 5. e4 Nxc3 6. bxc3 Bg7 7. Nf3 0-0 8. Be2 c5 9. 0-0 Qa5 10. Bd2 Rd8 11. Qb3 Qc7 12. d5 e6 13. Bc4 exd5 14. Bxd5 Nc6 15. Ng5 Rf8 16. f4 h6 17. Nf3 Ne7 18. Bc4 Rb8 19. a4 Nc6 20. Qc2 a6 21. Rab1 Na5 22. Bd5 b5 23. axb5 axb5 24. f5 Nc4 25. fxg6 Be6 26. gxf7+ Bxf7 27. Bxf7+ Rxf7 28. Rbe1 Rd8 29. Bc1 Ne5 30. Nh4 Nd3 31. Rd1 c4 32. Nf5 Re8 33. Qe2 Qb6+ 34. Be3 Qg6 35. Bd4 Rxf5 36. exf5 Rxe2 37. fxg6 Bxd4+ 38. cxd4 b4 39. d5 b3 40. d6 Re6 41. d7 Rd6 42. Rf4 b2 43. Rxc4 Rxd7 44. Rc3 Rd6 45. Rb3 Nc1 46. Rb8+ Kg7 47. Rxd6 Ne2+ 48. Kf2 1-0

[Event "Titled Tuesday intern op 16th Apr Late"]
[Site "Chess.com INT"]
[Date "2024.04.16"]
[Round "9"]
[White "Nazari, Arad"]
[Black "Kozak, Adam"]
[Result "0-1"]
[WhiteElo "2370"]
[BlackElo "2610"]
[PlyCount "66"]
[EventDate "2024.04.16"]
[EventType "swiss (blitz)"]
[EventRounds "11"]
[EventCountry "USA"]
[SourceTitle "CB17_2024"]
[SourceDate "2024.04.24"]
[SourceVersion "1"]
[SourceVersionDate "2024.04.24"]
[SourceQuality "1"]

1. e4 e6 2. d4 d5 3. e5 c5 4. c3 Nc6 5. Nf3 Qb6 6. a3 f6 7. Bd3 fxe5 8. dxe5 Nh6 9. 0-0 Be7 10. b4 c4 11. Bc2 Bd7 12. a4 Qc7 13. Qe2 0-0-0 14. Na3 Rdf8 15. Nb5 Qb8 16. Nbd4 Nxd4 17. Nxd4 g5 18. a5 Nf7 19. Re1 g4 20. Qxg4 Nxe5 21. Qe2 Bd6 22. f4 Nd3 23. Bxd3 cxd3 24. Qxd3 Bxf4 25. g3 Be5 26. Bh6 Rfg8 27. Re3 Rg6 28. Qd2 Rhg8 29. Ne2 Rxh6 30. Rc1 Bc7 31. c4 d4 32. Nxd4 Bf4 33. Nxe6 Rxe6 0-1

[Event "Titled Tuesday intern op 13th Feb Late"]
[Site "Chess.com INT"]
[Date "2024.02.13"]
[Round "7"]
[White "Esmeraldas Huachi, Anderson Yahir"]
[Black "Nazari, Arad"]
[Result "0-1"]
[WhiteElo "2148"]
[BlackElo "2375"]
[PlyCount "106"]
[EventDate "2024.02.13"]
[EventType "swiss (blitz)"]
[EventRounds "11"]
[EventCountry "USA"]
[SourceTitle "CB08_2024"]
[SourceDate "2024.02.21"]
[SourceVersion "1"]
[SourceVersionDate "2024.02.21"]
[SourceQuality "1"]

1. d4 Nf6 2. c4 g6 3. Nc3 d5 4. cxd5 Nxd5 5. e4 Nxc3 6. bxc3 Bg7 7. Bc4 0-0 8. Ne2 c5 9. 0-0 Nc6 10. Be3 Bg4 11. f3 Bd7 12. Qd2 Qa5 13. Rab1 cxd4 14. cxd4 Qxd2 15. Bxd2 b6 16. Be3 Na5 17. Ba6 Rad8 18. Rbc1 Bc8 19. Bb5 Bd7 20. Ba6 Bc8 21. Bb5 a6 22. Bd3 b5 23. Rc7 Be5 24. Rxe7 Nc6 25. Rxe5 Nxe5 26. Bb1 Nc4 27. Bh6 Rfe8 28. Bg5 Rd7 29. d5 Bb7 30. Bf6 Bxd5 31. Ng3 Bc6 32. h4 h5 33. Rc1 Bb7 34. Kh2 Rc8 35. e5 Nd2 36. Rd1 Nxf3+ 37. gxf3 Rxd1 38. Be4 Bxe4 39. Nxe4 Rc2+ 40. Kg3 Rxa2 41. Kf4 Ra4 42. Kg5 Rg1+ 43. Kh6 Rxe4 44. fxe4 Rg4 45. e6 fxe6 46. e5 b4 47. Bh8 b3 48. Bf6 b2 49. Bg5 b1Q 50. Bc1 Qf5 51. Bg5 Qf8+ 52. Kxg6 Qf7+ 53. Kh6 Qh7# 0-1

[Event "Titled Tuesday intern op 13th Feb Late"]
[Site "Chess.com INT"]
[Date "2024.02.13"]
[Round "5"]
[White "Fedoseev, Vladimir1"]
[Black "Nazari, Arad"]
[Result "1-0"]
[WhiteElo "2690"]
[BlackElo "2375"]
[PlyCount "53"]
[EventDate "2024.02.13"]
[EventType "swiss (blitz)"]
[EventRounds "11"]
[EventCountry "USA"]
[SourceTitle "CB08_2024"]
[SourceDate "2024.02.21"]
[SourceVersion "1"]
[SourceVersionDate "2024.02.21"]
[SourceQuality "1"]

1. e4 c5 2. Nf3 d6 3. Bb5+ Bd7 4. c4 Nf6 5. Nc3 g6 6. 0-0 Bg7 7. h3 0-0 8. d3 a6 9. Bxd7 Qxd7 10. Be3 e5 11. Nh2 b5 12. Ng4 Nxg4 13. hxg4 bxc4 14. dxc4 Rd8 15. Nd5 Qb7 16. Bg5 Re8 17. Bf6 Re6 18. g5 Nd7 19. f4 Bxf6 20. f5 Bxg5 21. fxe6 fxe6 22. Qg4 exd5 23. Qxg5 dxe4 24. Qe7 Qc6 25. Rf7 Nf8 26. Rg7+ Kh8 27. Qf7 1-0

[Event "Titled Tuesday intern op 13th Feb Late"]
[Site "Chess.com INT"]
[Date "2024.02.13"]
[Round "8"]
[White "Sevian, Samuel"]
[Black "Nazari, Arad"]
[Result "1-0"]
[WhiteElo "2697"]
[BlackElo "2375"]
[PlyCount "95"]
[EventDate "2024.02.13"]
[EventType "swiss (blitz)"]
[EventRounds "11"]
[EventCountry "USA"]
[SourceTitle "CB08_2024"]
[SourceDate "2024.02.21"]
[SourceVersion "1"]
[SourceVersionDate "2024.02.21"]
[SourceQuality "1"]

1. e4 c5 2. Nf3 d6 3. d4 cxd4 4. Nxd4 Nf6 5. f3 a6 6. c4 g6 7. Nc3 Bg7 8. Be3 0-0 9. Qd2 Nc6 10. Rc1 Nxd4 11. Bxd4 Be6 12. b3 Qa5 13. Be2 Rfc8 14. 0-0 b5 15. cxb5 axb5 16. Rfd1 Nd7 17. Bxg7 Kxg7 18. Bxb5 Ne5 19. Be2 Rc7 20. f4 Rac8 21. fxe5 dxe5 22. Bc4 Bxc4 23. Na4 Qxd2 24. Rxd2 Bb5 25. Rxc7 Rxc7 26. Nb6 f5 27. a4 Rc1+ 28. Kf2 Rf1+ 29. Kg3 f4+ 30. Kh3 Bc6 31. Re2 Rb1 32. Nc4 Rxb3+ 33. g3 Bd7+ 34. Kh4 h6 35. Nxe5 g5+ 36. Kh5 Be8+ 37. Kg4 fxg3 38. Kf5 Bxa4 39. hxg3 Rxg3 40. Ra2 Be8 41. Ra7 Kf8 42. Ra8 Rg1 43. Ke6 Rf1 44. Nd7+ Kg7 45. Rxe8 g4 46. Rxe7+ Kg6 47. Ne5+ Kh5 48. Rg7 1-0

[Event "Titled Tuesday intern op 06th Feb Early"]
[Site "Chess.com INT"]
[Date "2024.02.06"]
[Round "6"]
[White "Yoo, Christopher Woojin"]
[Black "Nazari, Arad"]
[Result "1-0"]
[WhiteElo "2595"]
[BlackElo "2375"]
[PlyCount "177"]
[EventDate "2024.02.06"]
[EventType "swiss (blitz)"]
[EventRounds "11"]
[EventCountry "USA"]
[SourceTitle "CB07_2024"]
[SourceDate "2024.02.14"]
[SourceVersion "1"]
[SourceVersionDate "2024.02.14"]
[SourceQuality "1"]

1. e4 c5 2. Nf3 d6 3. d4 cxd4 4. Nxd4 Nf6 5. Nc3 a6 6. Bg5 Nbd7 7. Qe2 e6 8. 0-0-0 Qc7 9. f4 Be7 10. g4 b5 11. Bg2 Rb8 12. Nd5 exd5 13. exd5 0-0 14. Nc6 Bd8 15. Nxb8 Qxb8 16. Rhe1 Nb6 17. Bxf6 Bxf6 18. g5 Bd8 19. Qh5 Bf5 20. Be4 Qc8 21. Rd3 Bxe4 22. Rxe4 Qf5 23. Red4 Na4 24. Qh3 Qxh3 25. Rxh3 Re8 26. b3 Bb6 27. Rdd3 Nc5 28. Rde3 Ne4 29. Re2 f5 30. gxf6 Nxf6 31. Rxe8+ Nxe8 32. c4 b4 33. a3 a5 34. axb4 axb4 35. Kc2 Nf6 36. Kd3 Kf7 37. Rf3 Bc5 38. Rf1 Nh5 39. Ke4 Nf6+ 40. Kf3 Kg6 41. Re1 Kf7 42. h3 Bd4 43. Re6 Bc5 44. Re2 Nd7 45. Ra2 Bd4 46. Ra4 Bc3 47. Ra6 Ke7 48. Ra7 Ke8 49. Ra6 Ke7 50. Ra7 Bd4 51. Rb7 Bc5 52. Ke4 Kd8 53. Kf5 Kc8 54. Rb5 Nf6 55. h4 Kc7 56. Ra5 Nh5 57. Ra8 g6+ 58. Kg5 Be3 59. Kh6 Nxf4 60. Kxh7 Bd4 61. Rf8 Nd3 62. Kh6 Nc5 63. Rf3 Bc3 64. Kxg6 Nxb3 65. h5 Nd2 66. Rd3 Ne4 67. h6 Be5 68. Re3 Nf6 69. Rxe5 dxe5 70. Kxf6 b3 71. h7 b2 72. h8Q b1Q 73. Qg7+ Kb6 74. Qe7 Qf1+ 75. Kxe5 Qe1+ 76. Kd6 Qb4+ 77. Kd7 Qa4+ 78. Ke6 Qxc4 79. Qd6+ Kb7 80. Qd7+ Kb6 81. Qd8+ Kb7 82. Qe7+ Kb6 83. Qd6+ Kb7 84. Qe5 Qg4+ 85. Qf5 Qe2+ 86. Kd6 Kb6 87. Qe6 Qh2+ 88. Kd7+ Kb7 89. Qc6+ 1-0

[Event "Titled Tuesday intern op 16th Jan Late"]
[Site "Chess.com INT"]
[Date "2024.01.16"]
[Round "6"]
[White "Nazari, Arad"]
[Black "Mickiewicz, Piotr"]
[Result "0-1"]
[WhiteElo "2375"]
[BlackElo "2239"]
[PlyCount "82"]
[EventDate "2024.01.16"]
[EventType "swiss (blitz)"]
[EventRounds "11"]
[EventCountry "USA"]
[SourceTitle "CB04_2024"]
[SourceDate "2023.10.16"]
[SourceVersion "1"]
[SourceVersionDate "2023.10.16"]
[SourceQuality "1"]

1. g4 e5 2. e4 Nf6 3. Nc3 d5 4. Nxd5 Nxe4 5. Ne3 Nc6 6. Bg2 Nc5 7. d3 Be6 8. Nf3 Be7 9. Bd2 a5 10. Qe2 0-0 11. h3 Re8 12. 0-0 Nd4 13. Qd1 Bf6 14. Re1 h5 15. Nxd4 exd4 16. Nf5 Qd7 17. Qf3 hxg4 18. hxg4 Bxf5 19. Qxf5 Qxf5 20. gxf5 c6 21. b3 a4 22. Bb4 Na6 23. Bd6 Rad8 24. Rxe8+ Rxe8 25. bxa4 Re2 26. Rb1 Rxc2 27. Rxb7 Nc5 28. Rb8+ Kh7 29. Bxc5 Rxc5 30. Rc8 Rc1+ 31. Kh2 Rc2 32. Bxc6 Rxf2+ 33. Kg3 Rxa2 34. Ra8 Kh6 35. Kg4 g6 36. a5 Ra3 37. a6 Rxd3 38. fxg6 fxg6 39. Rf8 Be5 40. a7 Rg3+ 41. Kh4 g5# 0-1

[Event "Sant Boi de Llobregat op 4th"]
[Site "Sant Boi de Llobregat"]
[Date "2023.12.05"]
[Round "6"]
[White "Nazari, Arad"]
[Black "Vaishali, Ramesh Babu"]
[Result "1-0"]
[WhiteElo "2363"]
[BlackElo "2497"]
[PlyCount "113"]
[EventDate "2023.11.30"]
[EventType "swiss"]
[EventRounds "9"]
[EventCountry "ESP"]
[SourceTitle "CB50_2023"]
[SourceDate "2023.12.13"]
[SourceVersion "1"]
[SourceVersionDate "2023.12.13"]
[SourceQuality "1"]

1. e4 c5 2. Nf3 Nc6 3. d4 cxd4 4. Nxd4 Nf6 5. Nc3 d6 6. Bg5 e6 7. Qd2 a6 8. 0-0-0 Be7 9. Bxf6 gxf6 10. f4 Bd7 11. Be2 Qb6 12. Nb3 0-0-0 13. Bh5 Rhf8 14. Rhe1 Kb8 15. Kb1 Na5 16. Nd5 Nxb3 17. Nxb6 Nxd2+ 18. Rxd2 Kc7 19. Nxd7 Kxd7 20. Re3 Rc8 21. Rh3 Rc5 22. Bf3 Rh8 23. Rh5 Rc7 24. c3 Bd8 25. Rd3 Ke7 26. Kc2 Rc5 27. Rxc5 dxc5 28. e5 fxe5 29. fxe5 Bc7 30. Bxb7 a5 31. Re3 Rg8 32. Rh3 Bxe5 33. Rxh7 Rg4 34. Bf3 Rf4 35. Kd3 c4+ 36. Ke3 Bc7 37. g3 Rf5 38. Rh5 Bb6+ 39. Ke2 Rxh5 40. Bxh5 f5 41. Bf3 Kd6 42. Bb7 Bd8 43. Ke3 Bg5+ 44. Kd4 Bc1 45. h4 Bxb2 46. h5 Bc1 47. a4 Bd2 48. Kxc4 Be1 49. g4 fxg4 50. h6 Bh4 51. Kb5 Bf6 52. c4 Bd4 53. h7 Bc3 54. c5+ Kc7 55. Be4 g3 56. Bg2 Kd7 57. Kb6 1-0

[Event "Titled Tuesday intern op 14th Nov Early"]
[Site "Chess.com INT"]
[Date "2023.11.14"]
[Round "6"]
[White "Kamsky, Gata"]
[Black "Nazari, Arad"]
[Result "1-0"]
[WhiteElo "2634"]
[BlackElo "2363"]
[PlyCount "93"]
[EventDate "2023.11.14"]
[EventType "swiss (blitz)"]
[EventRounds "11"]
[EventCountry "USA"]
[SourceTitle "CB47_2023"]
[SourceDate "2023.11.22"]
[SourceVersion "1"]
[SourceVersionDate "2023.11.22"]
[SourceQuality "1"]

1. d4 Nf6 2. Bf4 g6 3. c3 Bg7 4. Nf3 0-0 5. h3 b6 6. e3 Bb7 7. a4 a5 8. Nbd2 d6 9. Bb5 Nbd7 10. 0-0 Ne4 11. Nxe4 Bxe4 12. Re1 e5 13. Bg3 c6 14. Bf1 exd4 15. Nxd4 Be5 16. Ne2 Qe7 17. f3 Bd5 18. e4 Bc4 19. f4 Bxe2 20. Bxe2 Bg7 21. Bc4 Nc5 22. Qc2 Rad8 23. Bf2 Rfe8 24. Bxc5 bxc5 25. Qf2 Qc7 26. Rad1 Bf6 27. g3 Kg7 28. Kg2 h5 29. h4 Qe7 30. Re2 Qc7 31. Qf3 Rf8 32. Rde1 Rde8 33. Re3 Qb6 34. R1e2 Qc7 35. Qf2 Qd8 36. Ba2 Qc7 37. Qe1 Bd8 38. e5 d5 39. Bb1 c4 40. Rf3 Qe7 41. f5 gxf5 42. Rxf5 Qe6 43. Rxh5 f6 44. Qd2 fxe5 45. Rexe5 Qf6 46. Reg5+ Kf7 47. Rf5 1-0

[Event "Titled Tuesday intern op 14th Nov Early"]
[Site "Chess.com INT"]
[Date "2023.11.14"]
[Round "3"]
[White "Korobov, Anton"]
[Black "Nazari, Arad"]
[Result "1/2-1/2"]
[WhiteElo "2667"]
[BlackElo "2363"]
[PlyCount "114"]
[EventDate "2023.11.14"]
[EventType "swiss (blitz)"]
[EventRounds "11"]
[EventCountry "USA"]
[SourceTitle "CB47_2023"]
[SourceDate "2023.11.22"]
[SourceVersion "1"]
[SourceVersionDate "2023.11.22"]
[SourceQuality "1"]

1. d4 Nf6 2. c4 g6 3. g3 c6 4. Bg2 d5 5. Nf3 Bg7 6. cxd5 cxd5 7. Nc3 0-0 8. Ne5 Nc6 9. Nxc6 bxc6 10. 0-0 Bf5 11. Na4 Nd7 12. Be3 h5 13. Rc1 Rc8 14. Qd2 h4 15. gxh4 e5 16. Bg5 Qe8 17. dxe5 Nxe5 18. b3 Ng4 19. h3 Nf6 20. Nc5 Nd7 21. Rfd1 Nxc5 22. Rxc5 Qe6 23. Qe3 Qd7 24. Qg3 Rfe8 25. e3 Bf8 26. Rcc1 Ba3 27. h5 Bxc1 28. Rxc1 Be4 29. hxg6 fxg6 30. f3 Bf5 31. h4 Qf7 32. Rf1 c5 33. e4 Be6 34. h5 gxh5 35. f4 Bg4 36. exd5 Qf5 37. d6 Re2 38. Re1 Rce8 39. Be7 Qe6 40. Rxe2 Qxe2 41. f5 Rxe7 42. dxe7 Qxe7 43. f6 Qxf6 44. Qb8+ Qf8 45. Qxa7 Qd6 46. Qa8+ Kg7 47. Qd5 Qxd5 48. Bxd5 Kf6 49. a4 Ke5 50. Bg2 Kd6 51. a5 Kc7 52. Kh2 Be6 53. Bf3 Bxb3 54. Bxh5 c4 55. Bf7 Kb7 56. Bxc4 Bxc4 57. a6+ Bxa6 1/2-1/2

[Event "Titled Tuesday intern op 14th Nov Early"]
[Site "Chess.com INT"]
[Date "2023.11.14"]
[Round "4"]
[White "Nazari, Arad"]
[Black "Chigaev, Maksim"]
[Result "1-0"]
[WhiteElo "2363"]
[BlackElo "2627"]
[PlyCount "59"]
[EventDate "2023.11.14"]
[EventType "swiss (blitz)"]
[EventRounds "11"]
[EventCountry "USA"]
[SourceTitle "CB47_2023"]
[SourceDate "2023.11.22"]
[SourceVersion "1"]
[SourceVersionDate "2023.11.22"]
[SourceQuality "1"]

1. e4 e6 2. d4 d5 3. e5 c5 4. c3 Nc6 5. Nf3 Bd7 6. Be2 f6 7. 0-0 fxe5 8. Nxe5 Nxe5 9. dxe5 Qc7 10. Bf4 0-0-0 11. a4 h6 12. Na3 a6 13. b4 g5 14. Be3 Qxe5 15. bxc5 Nf6 16. Bd4 Qf4 17. g3 Qf5 18. Bd3 Ne4 19. Bxh8 e5 20. Bxe4 dxe4 21. Nc4 Bc6 22. Qe2 Bxc5 23. Bxe5 e3 24. f3 g4 25. Bd4 gxf3 26. Qxe3 f2+ 27. Qxf2 Qe4 28. Qf5+ Qxf5 29. Rxf5 Rxd4 30. Rxc5 1-0

[Event "Titled Tuesday intern op 14th Nov Early"]
[Site "Chess.com INT"]
[Date "2023.11.14"]
[Round "2"]
[White "Nazari, Arad"]
[Black "Hernando Rodrigo, Julio Antonio"]
[Result "1-0"]
[WhiteElo "2363"]
[BlackElo "2200"]
[PlyCount "55"]
[EventDate "2023.11.14"]
[EventType "swiss (blitz)"]
[EventRounds "11"]
[EventCountry "USA"]
[SourceTitle "CB47_2023"]
[SourceDate "2023.11.22"]
[SourceVersion "1"]
[SourceVersionDate "2023.11.22"]
[SourceQuality "1"]

1. e4 e6 2. d4 d5 3. Nd2 c5 4. Ngf3 dxe4 5. Nxe4 cxd4 6. Nxd4 Nf6 7. Nxf6+ Qxf6 8. Bb5+ Bd7 9. 0-0 Bc5 10. Bxd7+ Nxd7 11. Nb3 0-0 12. Qxd7 Rad8 13. Qb5 Bxf2+ 14. Kh1 Rd5 15. Qe2 Re5 16. Be3 Bxe3 17. Rxf6 gxf6 18. Rf1 Rd8 19. g3 Bg5 20. Qg4 Kf8 21. h4 Bh6 22. Rxf6 Bg7 23. Rf1 h5 24. Qf3 Rf5 25. Qe2 Re5 26. Qc4 a5 27. Nc5 Rd2 28. Nxe6+ 1-0